Educación para todos, el imperativo de la calidad : UNESCO (Record no. 11076)

MARC details
000 -LEADER
campo de control de longitud fija 00394nam a2200157Ia 4500
001 - NÚMERO DE CONTROL
campo de control 107
008 - DATOS DE LONGITUD FIJA--INFORMACIÓN GENERAL
campo de control de longitud fija 241024s9999 xx 000 0 und d
020 ## - NÚMERO INTERNACIONAL ESTÁNDAR DEL LIBRO
Número Internacional Estándar del Libro 92-3-303976-5
082 ## - NÚMERO DE LA CLASIFICACIÓN DECIMAL DEWEY
Número de clasificación 370.1/U56e
100 ## - ENTRADA PRINCIPAL--NOMBRE DE PERSONA
Nombre de persona UNESCO EPT
245 #0 - MENCIÓN DEL TÍTULO
Título Educación para todos, el imperativo de la calidad : UNESCO
260 ## - PUBLICACIÓN, DISTRIBUCIÓN, ETC.
Nombre del editor, distribuidor, etc. UNESCO
Fecha de publicación, distribución, etc. 2004
590 ## - NOTA LOCAL (RLIN)
Nota local si
901 ## - ELEMENTOS DE DATOS A LOCAL LDA (RLIN)
a 18/10/2010 11:53:12 a.m.

No items available.

© 2024. Todos los Derechos Reservados. Desarrollado por IDEICE